රට දැය සමය එකලු කළ විජයපාල මෙන්ඩිස් /

Rata daya samaya ekalu kala vijayapala mendis
Saved in:
Bibliographic Details
Format: Book
Published: කොළඹ : කර්තෘ, 2025.
Tags: Add Tag
No Tags, Be the first to tag this record!

MARC

LEADER 00000nam a2200000 4500
003 LK-CoNLD
005 20260320140830.0
008 260320b |||||||| |||| 00| 0 ||| d
015 |2 slnb 
017 |b LK-CoDNA 
020 |a 9786249535039 
040 |a LK-CoNLD  |b SIN  |c LK-CoNLD  |d LK-CoNLD 
082 |2 23  |q LK-CoNLD 
245 |6 880-1  |a රට දැය සමය එකලු කළ විජයපාල මෙන්ඩිස් /  |c මහින්ද ආරියවංශ. 
260 |a කොළඹ :  |b කර්තෘ,  |c 2025. 
300 |a පි. 162 : ඡායාරූප ;  |c සෙමි. 21.  |b මැබැ-බෝක : රු. 1000.00 
880 |6 245-1  |a Rata daya samaya ekalu kala vijayapala mendis 
942 |c BOOK 
999 |c 298370  |d 298370 
945 |a 21055  |b M. G. D. NAWODA  |c 21055  |d M. G. D. NAWODA